000 01210nam0a2200337 4500
001 RU\NLR\BIBL_A\022628113
005 20251205124852.0
010 _a978-5-17-159621-7
_93000
021 _aRU
_bКН-П-25-045451
_9КН-П-25-4414
035 _a(NLR Aleph) 022628113
090 _a13496997
_c13496997
100 _a20250923d2025 u y0rusy50 ca
101 0 _arus
_ctur
102 _aRU
105 _aa z 000ay
181 0 _ai3
_baxxe
182 0 _an
200 1 _aКруассан с любовью
_e[роман]
_fЗейнеп Сахра
_gперевод с турецкого: Иван Александров
203 _aТекст
_bвизуальный
_cнепосредственный
210 _aМосква
_aСанкт-Петербург
_cАСТ, Астрель-СПб
_d2025
215 _a410, [2] с.
_cил.
_d21
225 1 _aРомантика Турции
300 _a1-я кн. цикла
333 _a18+
686 1 _aШ6(5Ту)07-440.4{Лх2280}
700 1 _aСахра
_bЗ.
_f1988-
_gЗейнеп
_3RU\NLR\AUTH\770287467
942 _cBOOK
980 _aNB